KOHA-Header-6

Statistical Techniques in Business & Economics (Record no. 9727)

000 -LEADER
fixed length control field 00293nam a2200109Ia 4500
100 ## - MAIN ENTRY--AUTHOR NAME
Personal name Lind,Marchal, Mason
245 #0 - TITLE STATEMENT
Title Statistical Techniques in Business & Economics
260 ## - PUBLICATION, DISTRIBUTION, ETC. (IMPRINT)
Place of publication Canada
Name of publisher Tata McGraw Hill
Year of publication 2005
300 ## - PHYSICAL DESCRIPTION
Number of Pages 153
942 ## - ADDED ENTRY ELEMENTS (KOHA)
Koha item type Books
Holdings
Withdrawn status Lost status Collection code Permanent Location Current Location Shelving location Date acquired Full call number Accession Number Koha item type
    Statistics MAJU MAJU Shelf No.A27 2019-09-14 891.43 5651 Statistics

Powered by Koha